000 00435nam a22001817a 4500
003 OSt
005 20180116183024.0
008 151202b xxu||||| |||| 00| 0 eng d
020 _a9780722161463
040 _c0
082 _a813.54 MON 1982
100 _aRichard Monaco
245 _aThe Cut Candidate
260 _aNew York
_bSphere Book Ltd.
_c1982
300 _a246 p.
_bPB
440 _aThe Cut Candidate
942 _2ddc
_cBK
999 _c350724
_d350724